| 000 | 01100nam a2200217Ia 4500 | ||
|---|---|---|---|
| 001 | L780-48848 | ||
| 003 | IT-CnALBA | ||
| 008 | 170116s9999||||xx |||||||||||||| ||und|| | ||
| 040 |
_aIT-CnALBA _cIT-CnALBA |
||
| 041 | _aITALIANO | ||
| 100 | _aDEISS LUCIEN | ||
| 245 | 0 | _aTU AMERAI. | |
| 250 | _a1a ed. | ||
| 260 |
_aCINISELLO BALSAMO (MI) _bEDIZIONI PAOLINE _cn.d. |
||
| 500 | _aCANTI BIBLICI TRADOTTI DAL FRANCESE DA MARCHIGIANI F. ALLELUJA, GLORIA A TE. DIO È AMORE. SO IN CHI HO POSTO LA MIA SPERANZA. O DIO SEI TU IL MIO DIO. DIO DI TENEREZZA. QUESTO È IL GIORNO. L'UOMO, I SUOI GIORNI COME L'ERBA. CHE TUTTI SIANO UNO. LA NUOVA G | ||
| 501 | _aSocietà San Paolo EM - Piazza San Paolo, 14 - 12051 ALBA (CN) (non commercial uses only) ® Copyright 2017 | ||
| 520 | _aCANTI BIBLICI TRADOTTI DAL FRANCESE DA MARCHIGIANI F. ALLELUJA, GLORIA A TE. DIO È AMORE. SO IN CHI HO POSTO LA MIA SPERANZA. O DIO SEI TU IL MIO DIO. DIO DI TENEREZZA. QUESTO È IL GIORNO. L'UOMO, I SUOI GIORNI COME L'ERBA. CHE TUTTI SIANO UNO. LA NUOVA G | ||
| 650 | _aMUSICA | ||
| 942 | _cBK | ||
| 957 | _71 | ||
| 999 |
_a51596 _bNO _g Copie: 1 _c304723 _d304723 |
||